000 00604 a2200157 4500
999 _c6752
_d6752
020 _a9780203361269
050 _aPL8010 ROU 2009
100 _aGikandi, Simon
_eEditor
245 _aThe Routledge encyclopedia of African literature /
_cedited by Simon Gikandi
264 _aLondon:
_bRoutledge,
_c2009
300 _a629p. :
500 _a"First published 2003 by Routledge as Encyclopedia of African Literature"--Title page verso Includes bibliographical references and index
650 _aAfrican literature
_xHistory and criticism
700 _aGikandi, Simon
_eEditor
942 _2lcc
_cBK
_h8010
_iROU
_kPL